00345nam a22001457a 4500003000400000005001700004008004100021020001800062040000700080082001100087100001500098245005100113260002700164300000800191OSt20211125122050.0211125b |||||||| |||| 00| 0 eng d a9788126135769 chu a374.05 av,k, nanda aaduil education and human resource development anewv delhibhallc2008 a419